Seed development and germination / (Record no. 15450)

000 -LEADER
fixed length control field 00526pam a2200181 a 4500
020 ## - INTERNATIONAL STANDARD BOOK NUMBER
ISBN 0824792297 (hardcover : acidfree paper)
040 ## - CATALOGING SOURCE
Transcribing agency DLC
082 00 - DEWEY DECIMAL CLASSIFICATION NUMBER
Classification number 582 M.DE 1995 A062 Or.
245 00 - TITLE STATEMENT
Title Seed development and germination /
260 ## - PUBLICATION, DISTRIBUTION, ETC. (IMPRINT)
Place of publication New York :
Name of publisher M. Dekker,
Year of publication c1995.
300 ## - PHYSICAL DESCRIPTION
Number of Pages xiv, 853 p. :
Other physical details ill., map ;
Dimensions 27 cm.
650 #0 - SUBJECT ADDED ENTRY--TOPICAL TERM
Topical Term Seeds
650 #0 - SUBJECT ADDED ENTRY--TOPICAL TERM
Topical Term Germination.
700 1# - ADDED ENTRY--PERSONAL NAME
Personal name Kigel, Jaime,
700 1# - ADDED ENTRY--PERSONAL NAME
Personal name Galili, Gad,
856 42 - ELECTRONIC LOCATION AND ACCESS
Uniform Resource Identifier http://www.loc.gov/catdir/enhancements/fy0647/94024927-d.html
942 ## - ADDED ENTRY ELEMENTS (KOHA)
Koha item type សៀវភៅភាសាអង់គ្លេស
952 ## - LOCATION AND ITEM INFORMATION (KOHA)
Withdrawn status [LOCAL, KOHA] 0
Holdings
Permanent Location Date acquired Koha item type Lost status Shelving location Barcode Current Location Full call number
Library Block A2017-11-22សៀវភៅភាសាអង់គ្លេស A062A06046Library Block A582 M.DE 1995 A062 Or.
មជ្ឈមណ្ឌលឯការនៃសាកលវិទ្យាល័យភូមិន្ទកសិកម្មចំការដូង

Powered by Koha